| Tag |
First Indicator |
Second Indicator |
Subfields |
| LEADER |
00000cam a22000001a 4500 |
| 001 |
in00003278721 |
| 006 |
m d f |
| 007 |
cr bn mmmapmmp |
| 008 |
110909s2009 dcu ob f000 0 eng d |
| 005 |
20260504164316.6 |
| 035 |
|
|
|a chdc200901050
|
| 040 |
|
|
|a ProQuest
|c ProQuest
|d UtOrBLW
|
| 043 |
|
|
|a n-us---
|
| 074 |
|
|
|a 1041-A
|
| 099 |
|
|
|a HRG-2008-CST-0002
|
| 110 |
1 |
|
|a United States.
|b Congress.
|b Senate.
|b Committee on Commerce, Science, and Transportation.
|
| 245 |
1 |
0 |
|a Broadband providers and consumer privacy :
|b hearing before the Committee on Commerce, Science, and Transportation, United States Senate, One Hundred Tenth Congress, second session, September 25, 2008.
|
| 264 |
|
1 |
|a Washington :
|b U.S. G.P.O. :
|c 2009.
|
| 264 |
|
2 |
|a Washington :
|b For sale by the Supt. of Docs., U.S. G.P.O.,
|
| 300 |
|
|
|a 1 online resource.
|
| 336 |
|
|
|a text
|b txt
|2 rdacontent
|
| 337 |
|
|
|a computer
|b c
|2 rdamedia
|
| 338 |
|
|
|a online resource
|b cr
|2 rdacarrier
|
| 490 |
1 |
|
|a S. hrg. ;
|v 110-791
|
| 500 |
|
|
|a Shipping list number unavailable.
|
| 504 |
|
|
|a Includes bibliographical references.
|
| 500 |
|
|
|a Reuse of record except for individual research requires license from ProQuest, LLC.
|
| 500 |
|
|
|a Electronic resource.
|
| 538 |
|
|
|a System requirements: PDF reader software.
|
| 650 |
|
0 |
|a Broadband communication systems
|z United States.
|
| 650 |
|
0 |
|a Internet
|x Security measures
|z United States.
|
| 650 |
|
0 |
|a Privacy, Right of
|z United States.
|
| 655 |
|
7 |
|a Electronic books.
|2 local
|
| 710 |
2 |
|
|a ProQuest (Firm)
|
| 776 |
0 |
8 |
|i Print version:
|a United States.Congress.Senate.Committee on Commerce, Science, and Transportation.
|t Broadband providers and consumer privacy
|w (DLC)2009416117
|w (OCoLC)ocn318609858
|z 9780160830471
|z 0160830478
|
| 776 |
0 |
8 |
|i Microfiche version:
|a United States.Congress.Senate.Committee on Commerce, Science, and Transportation.
|t Broadband providers and consumer privacy
|d [Bethesda, Md.] : ProQuest LLC, [2004]
|o CIS 2009 S261-2
|w (ProQuest)cis00903275
|
| 810 |
1 |
|
|a United States.
|b Congress.
|b Senate.
|t S. hrg. ;
|v 110-791.
|
| 830 |
|
0 |
|a U.S. Congressional Hearings.
|
| 856 |
4 |
0 |
|u http://proxy.library.tamu.edu/login?url=https://congressional.proquest.com/congcomp/getdoc?HEARING-ID=HRG-2008-CST-0002
|z Connect to the full text of this electronic book
|t 0
|
| 998 |
|
|
|a cis00903275
|
| 999 |
|
|
|a MARS
|
| 999 |
f |
f |
|s 24f8101e-e902-3384-b1c8-517ac82f0419
|i 2de13af7-c88d-3a3f-9997-eb8c5cd24a93
|t 0
|
| 952 |
f |
f |
|a Texas A&M University
|b College Station
|c Electronic Resources
|s www_evans
|d Available Online
|t 0
|e HRG-2008-CST-0002
|h Other scheme
|
| 998 |
f |
f |
|a HRG-2008-CST-0002
|t 0
|l Available Online
|